Formes des pays de la Coupe du Monde 2026 - Statistiques

Statistiques générales
  • Ce quiz a été pris 254 fois
    173 depuis la dernière actualisation
  • Le résultat moyen est 31 sur 48
Statistiques - réponses
Par images Réponse % Correct
France
100%
États-Unis
96%
Australie
90%
Brésil
89%
Allemagne
84%
Angleterre
84%
Espagne
80%
Égypte
79%
Portugal
79%
Mexique
78%
Croatie
76%
Japon
76%
Maroc
76%
Norvège
76%
Canada
75%
Afrique du Sud
72%
Autriche
72%
Suède
72%
Algérie
71%
Turquie
70%
Argentine
68%
Sénégal
68%
Suisse
68%
Nouvelle-Zélande
67%
Arabie Saoudite
61%
Pays-Bas
61%
Écosse
60%
Iran
60%
Belgique
57%
Cap-Vert
57%
Bosnie-Herzégovine
56%
Tunisie
54%
République Démocratique du Congo
53%
République Tchèque
53%
Ouzbékistan
51%
Irak
50%
Panama
49%
Colombie
47%
Haïti
47%
Jordanie
47%
Côte d'Ivoire
46%
Paraguay
44%
Qatar
44%
Curaçao
43%
Ghana
43%
Corée du Sud
42%
Équateur
39%
Uruguay
36%
Aucun quiz correspondant
Distribution des résultats
% des personnes avec chaque résultat
Percentile par nombre de réponses
Votre historique - résultats
Vous n’avez pas pris ce quiz depuis la dernière actualisation